Facundo o Civilización y barbarie / (Registro nro. 2823)

Detalles MARC
000 -LEADER
fixed length control field 01265nam a2200205 a 4500
008 - CAMPO DE CONTROL (LIBRO)
fixed length control field 190917t2018 ag |||g |||| 001 0 spa d
020 ## - INTERNATIONAL STANDARD BOOK NUMBER
ISBN 9789506911041
041 ## - CODIGO DE IDIOMA
Código de idioma del texto/pista de sonido o título separado spa
092 ## - SIGNATURA TOPOGRAFICA DEWEY LOCAL
número de clasificación 808
libristica 77
sección SAR
100 1# - ENTRADA PRINCIPAL--NOMBRE PERSONAL
Nombre personal Sarmiento, Domingo Faustino
9 (RLIN) 3980
245 ## - TITULO PROPIAMENTE DICHO
Título Facundo o Civilización y barbarie /
Mención de responsabilidad y remanente de la transcripción de la portada Domingo Faustino Sarmiento
250 ## - MENCION DE EDICION
Mención de edición 1a ed.
Mención de responsabilidad relacionada con la ed. Prólogo Alejandra Laera
260 ## - PIE DE IMPRENTA
Lugar de publicación, distribución, etc Buenos Aires:
Nombre de la editorial, distribuidor, etc Biblioteca del Congreso;
Fecha de publicación 2018.
300 ## - DESCRIPCION FISICA
Extension 370 p.
Dimensiones 21 cm.
500 ## - NOTA GENERAL
Nota general Sarmiento, D. F. (2004). Facundo o Civilización y barbarie. (1a ed.). Buenos Aires : Agebe.
505 ## - NOTA DE CONTENIDO
Nota de contenido formateada En Facundo, su obra más singular y polémica, Domingo F. Sarmiento plantea una inquietante interpretación de la historia argentina y americana, la lucha entre la Civilización y la Barbarie, entre la ciudad y campaña, entre Europa y Asia, como si, obligada a optar, América no pudiera construir una identidad propia y diferenciada. Sin embargo, desmintiendo su propio discurso, Sarmiento es capaz de crear una obra tan apasionante, tumultuosa, innovadora y singular que sólo pudo ser producto de una profundo americanismo.
590 ## - NOTAS LOCALES (RLIN)
Nota local Proyecto 4to libro, Donación Centro Médico de Mar del Plata, Noviembre 2018
655 ## - MATERIA - GENERO/FORMA
Género/Forma Literatura
-- 2917
942 ## - ADDED ENTRY ELEMENTS (KOHA)
Source of classification or shelving scheme Dewey Decimal Classification
Item type LITERATURA
Existencias
Estado de retiro Existencia Fuente de clasificación Estado general No para prestamo Ubicación permanente ubicación actual Sala de ubicación Fecha de adquisición Fuente de adquisición Total Checkouts Número de clasificación Código de barras Date last seen Número de ejemplar Price effective from Koha tipo de elemento (item) Public note Total Renewals Date last borrowed Coded location qualifier
    Dewey Decimal Classification     Biblioteca Medicina Biblioteca Medicina Circulación 12/11/2018 Donación Centro Médico de Mar del Plata, Nov. 2018   808 77 SAR 4345 12/11/2018 Ej. 1 12/11/2018 LITERATURA Donación Centro Médico de Mar del Plata, Nov. 2018      
    Dewey Decimal Classification     Biblioteca Medicina Biblioteca Medicina Circulación 28/02/2019 Donación Adriana Navarro, febrero 2019   808 77 SAR 4398 28/02/2019 Ej. 2 28/02/2019 LITERATURA Proyecto 4to libro. Donación Adriana Navarro, febrero 2019      
    Dewey Decimal Classification     Biblioteca Medicina Biblioteca Medicina Circulación 06/02/2026 Donación Manrique, Walter. Febrero 2026 1 808 77 SAR 5135 30/03/2026 Ej. 3 06/02/2026 LITERATURA Donación Manrique, Walter. Febrero 2026. Sede Tordos. 1 27/02/2026  

UNIVERSIDAD NACIONAL DEL COMAHUE
Biblioteca de la Facultad de Ciencias Médicas
Sede Toschi: Los Arrayanes y Av. Toschi, Cipolletti  - Rio Negro
Sede Los Tordos:  Yrigoyen al 2211, Cipolletti - Rio Negro 

Teléfono: 0299 - 4774707 int 25
Contacto: biblioteca@facimed.uncoma.edu.ar
© 2011 - 2026